[Event "Namur - CRELEL"]
[Site "?"]
[Date "2010.09.26"]
[Round "1.1"]
[White "Hetey, Laszlo"]
[Black "Vandevoort, Pascal"]
[Result "1/2-1/2"]
[WhiteElo "2354"]
[BlackElo "2353"]
[PlyCount "47"]
[EventDate "2010.09.26"]
[SourceDate "2010.09.26"]

1. d4 Nf6 2. c4 g6 3. Nc3 Bg7 4. e4 d6 5. f3 O-O 6. Bg5 c5 7. d5 e6 8. Qd2 h6
9. Bxh6 Nxe4 10. Nxe4 Qh4+ 11. g3 Qxh6 12. Qxh6 Bxh6 13. Nxd6 exd5 14. cxd5 Na6
15. f4 Nb4 16. O-O-O Nxa2+ 17. Kb1 Nb4 18. Nxc8 Raxc8 19. Nf3 c4 20. Rd4 b5 21.
Ne5 Bg7 22. b3 Rfe8 23. Bh3 f5 24. bxc4 1/2-1/2

[Event "CRELEL - Namur"]
[Site "?"]
[Date "2010.09.26"]
[Round "1.2"]
[White "Renette, Hans"]
[Black "Geenen, Marc"]
[Result "1/2-1/2"]
[WhiteElo "2323"]
[BlackElo "2316"]
[PlyCount "20"]
[EventDate "2010.09.26"]
[SourceDate "2010.09.26"]

1. d4 Nf6 2. Nf3 g6 3. g3 Bg7 4. Bg2 O-O 5. O-O d6 6. b3 c5 7. c4 d5 8. Bb2
cxd4 9. cxd5 Nxd5 10. Bxd4 Nf6 1/2-1/2

[Event "CRELEL - Namur"]
[Site "?"]
[Date "2010.09.26"]
[Round "1.4"]
[White "Marville, Grégoire"]
[Black "Henris, Luc"]
[Result "1-0"]
[WhiteElo "2099"]
[BlackElo "2248"]
[PlyCount "63"]
[EventDate "2010.09.26"]
[SourceDate "2010.09.26"]

1. d4 d5 2. Bf4 Nc6 3. e3 Nf6 4. Nd2 Bg4 5. f3 Bh5 6. a3 e6 7. Bd3 Bd6 8. Ne2
e5 9. Bg3 O-O 10. dxe5 Nxe5 11. Nf4 Re8 12. Be2 Ng6 13. Nxh5 Nxh5 14. Bxd6 cxd6
15. Nf1 Qb6 16. Qxd5 Qxb2 17. Rd1 Nhf4 18. Qb3 Qe5 19. Kf2 Rac8 20. c4 Nxe2 21.
Kxe2 d5 22. Nd2 Qg5 23. Rhg1 dxc4 24. Nxc4 Rxc4 25. Qxc4 Qxe3+ 26. Kf1 Nf4 27.
Qc2 Nh3 28. Rh1 Nf2 29. Qxf2 Qb3 30. Qd2 Qb6 31. g3 Qc6 32. Kg2 1-0

[Event "Namur - CRELEL"]
[Site "?"]
[Date "2010.09.26"]
[Round "1.5"]
[White "Denayer, Eric"]
[Black "Gillain, Christophe"]
[Result "1/2-1/2"]
[WhiteElo "2245"]
[BlackElo "2092"]
[PlyCount "122"]
[EventDate "2010.09.26"]
[SourceDate "2010.09.26"]

1. Nf3 e6 2. d4 Nf6 3. g3 b6 4. Bg2 Bb7 5. O-O Be7 6. c4 O-O 7. Nc3 Ne4 8. Nxe4
Bxe4 9. Ne1 Bxg2 10. Nxg2 d5 11. Qc2 Bf6 12. Rd1 Nc6 13. e3 Ne7 14. cxd5 exd5
15. b4 Qd7 16. Bd2 Rfe8 17. a4 c6 18. Rab1 Rac8 19. Qd3 b5 20. Rdc1 a6 21. Ra1
Nf5 22. Ra2 Nd6 23. Rca1 Ne4 24. f3 Ng5 25. Ne1 Bd8 26. h4 Ne6 27. Qf5 Qd6 28.
f4 Bf6 29. Nf3 Nc7 30. axb5 g6 31. Qg4 h5 32. Qh3 cxb5 33. Kg2 Bg7 34. g4 hxg4
35. Qxg4 Ra8 36. Rc1 Ne6 37. Rac2 Qd7 38. h5 gxh5 39. Qxh5 Rac8 40. Rxc8 Rxc8
41. Rxc8+ Qxc8 42. Qxd5 Qc2 43. f5 Nc7 44. Qd8+ Bf8 45. Qg5+ Kh8 46. Qh4+ Kg8
47. Qg4+ Kh8 48. Kh3 Qc4 49. Qh4+ Kg8 50. Qg3+ Kh8 51. e4 Ne8 52. e5 Bxb4 53.
Bxb4 Qxb4 54. Ng5 Qc4 55. Qh4+ Kg8 56. Qh7+ Kf8 57. Qh8+ Ke7 58. f6+ Kd8 59.
Qf8 Qd3+ 60. Kg2 Qd2+ 61. Kf3 Qd1+ 1/2-1/2

[Event "CRELEL - Namur"]
[Site "?"]
[Date "2010.09.26"]
[Round "1.6"]
[White "Timmermans, Daniel"]
[Black "Lanneau, Bertrand"]
[Result "0-1"]
[WhiteElo "2008"]
[BlackElo "2190"]
[PlyCount "68"]
[EventDate "2010.09.26"]
[SourceDate "2010.09.26"]

1. d4 d6 2. c4 g6 3. Nc3 Bg7 4. e4 Nc6 5. Be3 e5 6. d5 Nce7 7. g4 f5 8. gxf5
gxf5 9. Bg5 Nf6 10. Bxf6 Bxf6 11. Qh5+ Kf8 12. Bd3 Qe8 13. Qf3 f4 14. Nge2 Rg8
15. h3 Ng6 16. Qh5 Qe7 17. O-O-O Bd7 18. Ng1 Be8 19. Qe2 Nh4 20. Qc2 f3 21. Kb1
Bh5 22. Qb3 b6 23. Rf1 Qg7 24. Nb5 Bd8 25. Rh2 a6 26. Qa3 Qg6 27. Bc2 Rg7 28.
Bd1 Qxe4+ 29. Bc2 Qxc4 30. Rc1 Qxb5 31. Rh1 Qxd5 32. Rd1 Qc5 33. Qa4 Qxf2 34.
Qe4 Rb8 0-1

[Event "CRELEL - Namur"]
[Site "?"]
[Date "2010.09.26"]
[Round "1.8"]
[White "Porteman, Eric"]
[Black "Guion, Geoffrey"]
[Result "1/2-1/2"]
[WhiteElo "1954"]
[BlackElo "1846"]
[PlyCount "38"]
[EventDate "2010.09.26"]
[SourceDate "2010.09.26"]

1. c4 Nf6 2. Nc3 g6 3. g3 Bg7 4. Bg2 O-O 5. Nf3 d6 6. O-O e5 7. d3 Nc6 8. Rb1
a5 9. a3 h6 10. b4 axb4 11. axb4 Kh7 12. b5 Ne7 13. e4 Nd7 14. Nh4 f5 15. exf5
gxf5 16. Qe1 Nc5 17. Qd2 Be6 18. Ne2 d5 19. d4 Ne4 1/2-1/2

[Event "Amay - Rochade"]
[Site "Eupen"]
[Date "2010.10.10"]
[Round "2.2"]
[White "Kleijn, Christov"]
[Black "Rausis, Igor"]
[Result "0-1"]
[WhiteElo "2424"]
[BlackElo "2466"]
[PlyCount "66"]
[EventDate "2010.??.??"]

1. e4 c6 2. d4 d5 3. Nc3 dxe4 4. Nxe4 Bf5 5. Ng3 Bg6 6. h4 h6 7. Nf3 e6 8. Bd3
Bb4+ 9. c3 Bxd3 10. Qxd3 Bd6 11. Ne4 Nf6 12. Nxd6+ Qxd6 13. Ne5 Nbd7 14. Bf4
Qd5 15. O-O-O Qxa2 16. Nc4 O-O 17. Bd6 Rfd8 18. g4 Nb6 19. Nxb6 axb6 20. Be7
Rd5 21. Bxf6 Rb5 22. Qb1 gxf6 23. f4 Qd5 24. b4 Qc4 25. Rh3 c5 26. Qd3 Rxb4 27.
Qxc4 Rxc4 28. Kb2 Rca4 29. Kc2 Ra2+ 30. Kd3 cxd4 31. Ke4 Re2+ 32. Kd3 Rg2 33.
g5 dxc3 0-1

[Event "Rochade - Amay"]
[Site "Eupen"]
[Date "2010.10.10"]
[Round "2.3"]
[White "Lazarev, Vladimir"]
[Black "Richter, Christian"]
[Result "1/2-1/2"]
[WhiteElo "2447"]
[BlackElo "2396"]
[PlyCount "85"]
[EventDate "2010.??.??"]

1. d4 Nf6 2. c4 g6 3. Nc3 Bg7 4. e4 d6 5. h3 O-O 6. Bg5 Na6 7. Bd3 e5 8. d5 Nc5
9. Bc2 a5 10. Nge2 c6 11. O-O Bd7 12. Rb1 Qb6 13. b3 cxd5 14. Bxf6 Bxf6 15.
Nxd5 Qd8 16. Nxf6+ Qxf6 17. Nc3 Bc6 18. Qd2 Rfd8 19. Nd5 Qh4 20. Qe3 Ne6 21.
Kh2 Bxd5 22. exd5 Nd4 23. Bd3 Re8 24. f4 f5 25. fxe5 Rxe5 26. Qf4 Qxf4+ 27.
Rxf4 Ne2 28. Rf2 Rae8 29. a3 Kg7 30. b4 Nc3 31. Rc1 axb4 32. axb4 Na4 33. Ra2
Nb6 34. Ra7 R8e7 35. Kg1 Rc7 36. Rc2 Re3 37. Rd2 Kf6 38. Kf2 Re5 39. Rc2 Re8
40. Ra1 Rec8 41. Rac1 Nd7 42. Ke3 Ke5 43. Re1 1/2-1/2

[Event "Amay - Rochade"]
[Site "Eupen"]
[Date "2010.10.10"]
[Round "2.3"]
[White "Buscher, Michael"]
[Black "Meessen, Rudolf"]
[Result "0-1"]
[WhiteElo "2388"]
[BlackElo "2360"]
[PlyCount "82"]
[EventDate "2010.??.??"]

1. Nf3 f5 2. d3 d6 3. e4 e5 4. Nc3 Nf6 5. Be2 Be7 6. O-O O-O 7. exf5 Bxf5 8. d4
e4 9. Nd2 d5 10. f3 Nc6 11. fxe4 Nxe4 12. Ncxe4 dxe4 13. c3 Kh8 14. Nc4 Bg6 15.
Rxf8+ Qxf8 16. a4 Rd8 17. Qb3 b6 18. Be3 Bf6 19. Rf1 Qe8 20. Bf4 Qd7 21. Ne3
Na5 22. Qc2 Qe7 23. b4 Nb7 24. Ba6 c5 25. bxc5 bxc5 26. Rb1 Na5 27. d5 Bg5 28.
Qf2 Bf6 29. Qe1 c4 30. d6 Qf8 31. Rb5 Nc6 32. g3 Be8 33. Rd5 Nb8 34. Bxc4 Bxa4
35. Ra5 Bd7 36. Rxa7 g5 37. Nd5 gxf4 38. Qxe4 fxg3 39. hxg3 Qg7 40. Qf4 Be5 41.
Qf3 Rf8 0-1

[Event "Rochade - Amay"]
[Site "Eupen"]
[Date "2010.10.10"]
[Round "2.5"]
[White "Coenen, Michael"]
[Black "Tan, Matthew"]
[Result "1/2-1/2"]
[WhiteElo "2355"]
[BlackElo "2381"]
[PlyCount "81"]
[EventDate "2010.??.??"]

1. e4 e6 2. d4 d5 3. Nd2 Nf6 4. e5 Nfd7 5. Bd3 c5 6. c3 Nc6 7. Ne2 cxd4 8. cxd4
f6 9. exf6 Nxf6 10. O-O Bd6 11. Nf3 Qc7 12. a3 O-O 13. Ng3 Bd7 14. b4 a6 15.
Bb2 Rae8 16. Rc1 Re7 17. Ne5 Be8 18. Rc2 Qb6 19. Kh1 Na7 20. Re2 Bb5 21. Bxb5
Nxb5 22. Rfe1 Bb8 23. Nd3 Bxg3 24. hxg3 Nxd4 25. Re5 Ne4 26. Qg4 Nf5 27. Kh2
Rf6 28. Kg1 Rh6 29. Rxf5 exf5 30. Qxf5 Qe6 31. Qxe6+ Rexe6 32. Bc1 g5 33. g4
Rc6 34. f3 Rc3 35. Rd1 Nd6 36. Bxg5 Rg6 37. Be7 Re6 38. Bh4 Rh6 39. Bg5 Rg6 40.
Bh4 Rh6 41. Bg5 1/2-1/2

[Event "Amay - Rochade"]
[Site "Eupen"]
[Date "2010.10.10"]
[Round "2.6"]
[White "Broekmeulen, Jasper"]
[Black "Bruehl, Andreas"]
[Result "1-0"]
[WhiteElo "2371"]
[BlackElo "2350"]
[PlyCount "105"]
[EventDate "2010.??.??"]

1. e4 e5 2. Nf3 Nc6 3. d4 exd4 4. Nxd4 Nf6 5. Nc3 Bb4 6. Nxc6 bxc6 7. Bd3 d5 8.
exd5 cxd5 9. O-O O-O 10. Bg5 c6 11. Qf3 Rb8 12. Ne2 Bg4 13. Qf4 Bd6 14. Qc1 h6
15. Bh4 Qc7 16. Bxf6 Bxe2 17. Bxe2 Bxh2+ 18. Kh1 Bf4 19. Qd1 gxf6 20. Bd3 Qe5
21. g3 Qg5 22. gxf4 Qh4+ 23. Kg2 Kh8 24. Rg1 Rg8+ 25. Kf3 Rxg1 26. Qxg1 Rg8 27.
Qh1 Qg4+ 28. Ke3 Re8+ 29. Kd2 Qxf4+ 30. Kd1 f5 31. Qg2 Rg8 32. Qf1 c5 33. Qe1
c4 34. Bf1 Rg1 35. c3 Rh1 36. Qe2 d4 37. cxd4 Qxd4+ 38. Kc2 Rh2 39. Rd1 Qxf2
40. Rd2 Qxe2 41. Bxe2 h5 42. Bxc4 Rh4 43. Kc3 Kg7 44. Rd7 a5 45. Rxf7+ Kg6 46.
Ra7 Rh3+ 47. Bd3 h4 48. Rxa5 Rf3 49. Ra8 Kg7 50. Re8 h3 51. Re2 Kf6 52. a4 f4
53. a5 1-0

[Event "Rochade - Amay"]
[Site "Eupen"]
[Date "2010.10.10"]
[Round "2.7"]
[White "Klein, Felix"]
[Black "Memeti, Kastriot"]
[Result "1-0"]
[WhiteElo "2315"]
[BlackElo "2194"]
[PlyCount "61"]
[EventDate "2010.??.??"]

1. e4 e6 2. d4 d5 3. Nc3 Nf6 4. e5 Nfd7 5. f4 c5 6. Nf3 Nc6 7. Be3 Be7 8. Qd2
O-O 9. Be2 a6 10. O-O b5 11. a3 Qb6 12. Nd1 Bb7 13. c3 a5 14. Nf2 cxd4 15. Nxd4
Nxd4 16. Bxd4 Qc6 17. b4 Nb6 18. Bd3 Nc4 19. Qe2 f5 20. exf6 Bxf6 21. Qh5 g6
22. Bxg6 Qc7 23. Bd3 Qg7 24. Bxf6 Rxf6 25. Ng4 Rff8 26. Rf3 Bc6 27. Rg3 Kh8 28.
Ne5 Qa7+ 29. Kh1 Be8 30. Qh6 Qe7 31. Bxh7 1-0

[Event "Amay - Rochade"]
[Site "Eupen"]
[Date "2010.10.10"]
[Round "2.8"]
[White "Noiroux, Kevin"]
[Black "Huesmann, Thomas"]
[Result "1-0"]
[WhiteElo "2190"]
[BlackElo "2280"]
[PlyCount "147"]
[EventDate "2010.??.??"]

1. d4 f5 2. Nh3 g6 3. g3 Nf6 4. Bg2 Bg7 5. Nf4 O-O 6. h4 Nc6 7. h5 Qe8 8. hxg6
hxg6 9. c3 e6 10. Nd2 g5 11. Nd3 d5 12. Nf3 g4 13. Nfe5 Nxe5 14. Nxe5 Nd7 15.
Nxd7 Bxd7 16. Bf4 Rc8 17. Qd2 Ba4 18. Bh6 Qg6 19. Qe3 Kf7 20. c4 dxc4 21. b3
Bc6 22. Bxc6 bxc6 23. Bxg7 Qxg7 24. bxc4 Rb8 25. Rh6 Rfe8 26. O-O-O Rb4 27. c5
Rc4+ 28. Kb1 Rb4+ 29. Kc2 Re7 30. a3 Rb5 31. Rdh1 Ke8 32. Rxe6 Kd7 33. Rxe7+
Qxe7 34. Qxe7+ Kxe7 35. Rh7+ Kd8 36. Rf7 a5 37. Rxf5 a4 38. Rf8+ Ke7 39. Ra8
Ke6 40. Rxa4 Rb8 41. d5+ cxd5 42. Rxg4 c6 43. Rg6+ Ke5 44. Rxc6 Rf8 45. f3 Kd4
46. Re6 Kxc5 47. Re3 Kd4 48. Rd3+ Kc4 49. a4 Re8 50. Kd2 Rb8 51. Ra3 Rb2+ 52.
Ke1 Rb1+ 53. Kf2 Kb4 54. Ra2 Kb3 55. Rd2 Kc4 56. g4 d4 57. g5 Ra1 58. g6 Rxa4
59. g7 Ra8 60. Ra2 Rg8 61. Ra7 Kd5 62. Rd7+ Ke6 63. Rxd4 Rxg7 64. e4 Ra7 65.
Ke3 Ra8 66. Rb4 Ke5 67. f4+ Kd6 68. Rb6+ Kc5 69. Rb3 Rh8 70. Rc3+ Kb4 71. Rc1
Rh3+ 72. Kd4 Rh8 73. Rb1+ Ka5 74. e5 1-0

[Event "Eynatten2 - CREC"]
[Site "?"]
[Date "2010.10.10"]
[Round "2.1"]
[White "Braun, Christian"]
[Black "Eliet, Nicolas"]
[Result "1/2-1/2"]
[WhiteElo "2408"]
[BlackElo "2410"]
[PlyCount "136"]
[EventDate "2010.??.??"]
[Source "kuro"]
[SourceDate "2010.10.10"]

1. e4 c6 2. d4 d5 3. Nc3 dxe4 4. Nxe4 Nd7 5. Ng5 Ndf6 6. Bc4 e6 7. N1f3 Bd6 8.
Qe2 h6 9. Ne4 Nxe4 10. Qxe4 Nf6 11. Qe2 b5 12. Bd3 Bb7 13. Bd2 a6 14. O-O-O Qc7
15. Kb1 Nd5 16. Ne5 c5 17. c4 bxc4 18. Nxc4 cxd4 19. Qg4 Be5 20. Ba5 Qb8 21.
Rde1 h5 22. Qd1 Bf6 23. Qa4+ Kf8 24. Bb6 Kg8 25. Bc5 Qc8 26. Qa3 Bc6 27. Nd6
Qd7 28. Ne4 Be7 29. Rc1 Rh6 30. Rhe1 a5 31. Bxe7 Nxe7 32. f4 a4 33. Rc5 Rb8 34.
Rec1 h4 35. Nf2 f5 36. Nh3 Qd6 37. Ka1 Rd8 38. R1c2 Rg6 39. Bf1 Rg4 40. Rd2 Ng6
41. Rc4 Qxa3 42. bxa3 Bb5 43. Rc1 d3 44. Rc5 Be8 45. Bxd3 Nxf4 46. Bxf5 Rxd2
47. Bxg4 Nd3 48. Rc8 Kf8 49. Bh5 g6 50. Bf3 Ke7 51. Ng5 Rf2 52. Rb8 Rf1+ 53.
Rb1 Rxb1+ 54. Kxb1 Kf6 55. Kc2 Ne1+ 56. Kd2 Nxf3+ 57. Nxf3 g5 58. g3 Bc6 59.
Nd4 Bd5 60. Nb5 Kf5 61. Nc3 Bc6 62. gxh4 gxh4 63. Ke3 Kg4 64. Ne2 e5 65. Kf2
Kh3 66. Kg1 e4 67. Nc3 e3 68. Nd1 Bd5 1/2-1/2

[Event "CREC - Eynatten2"]
[Site "?"]
[Date "2010.10.10"]
[Round "2.2"]
[White "Saiboulatov, Daniyal"]
[Black "Zelbel, Patrick"]
[Result "1/2-1/2"]
[WhiteElo "2399"]
[BlackElo "2365"]
[PlyCount "106"]
[EventDate "2010.??.??"]
[Source "kuro"]
[SourceDate "2010.10.10"]

1. e4 c5 2. Nf3 d6 3. d4 cxd4 4. Nxd4 Nf6 5. Nc3 g6 6. h3 Bg7 7. g4 Nc6 8. Nde2
O-O 9. Bg2 Be6 10. O-O Rc8 11. Be3 Bc4 12. Re1 b5 13. Qd2 b4 14. Nd1 d5 15.
exd5 Bxd5 16. a3 a5 17. axb4 Bxg2 18. Qxd8 Rfxd8 19. Kxg2 Nxb4 20. Rxa5 Nxc2
21. Rf1 Nxe3+ 22. Nxe3 Rd2 23. Ng3 Rxb2 24. g5 Ne8 25. Nd5 Kf8 26. Rd1 Rd8 27.
Ne4 Rbb8 28. Rd3 Nc7 29. Nf4 Rxd3 30. Nxd3 Bd4 31. Nf4 Ra8 32. Rxa8+ Nxa8 33.
h4 Kg7 34. Kf3 Nc7 35. h5 f5 36. gxf6+ exf6 37. hxg6 hxg6 38. Nd2 f5 39. Nb3
Be5 40. Nd3 Bd6 41. Nd4 Kf6 42. Nb3 Ne6 43. Ke3 g5 44. f3 Kg6 45. Kf2 Bc7 46.
Kg2 Kh5 47. Nd2 Nd4 48. Nc4 f4 49. Nf2 Nf5 50. Ng4 Kh4 51. Nf6 Ne3+ 52. Nxe3
fxe3 53. Kf1 Bb6 1/2-1/2

[Event "Eynatten2 - CREC"]
[Site "?"]
[Date "2010.10.10"]
[Round "2.3"]
[White "Coenen, Norbert"]
[Black "Houriez, Clément"]
[Result "0-1"]
[WhiteElo "2353"]
[BlackElo "2308"]
[PlyCount "130"]
[EventDate "2010.??.??"]
[Source "kuro"]
[SourceDate "2010.10.10"]

1. e4 c5 2. Nf3 d6 3. Bb5+ Nd7 4. O-O Ngf6 5. Re1 a6 6. Bf1 b6 7. d4 cxd4 8.
Nxd4 Bb7 9. c4 e6 10. Nc3 Be7 11. a4 O-O 12. a5 Nc5 13. f3 bxa5 14. Be3 Rb8 15.
Ra2 Qc7 16. Bf2 Ba8 17. Kh1 Nfd7 18. Qd2 Rb4 19. Nc2 Rbb8 20. Nd4 Rb4 21. Nc2
Nb3 22. Qd1 Rbb8 23. Bg3 Rfd8 24. Re3 Ndc5 25. Na1 Nxa1 26. Qxa1 Bc6 27. Qe1
Rb7 28. Nd1 a4 29. Re2 Rdb8 30. Rc2 h6 31. h3 Rb3 32. Rd2 R3b6 33. Rc2 Be8 34.
Be2 R8b7 35. Kh2 Bf6 36. Bf1 Qb8 37. Qf2 Qc7 38. Bf4 Be5 39. Bxe5 dxe5 40. Nc3
Rd6 41. Ra3 Rb8 42. Be2 Rd4 43. Nd1 Bc6 44. Ne3 Qd6 45. Qg3 Kh7 46. Ng4 f6 47.
h4 Rd2 48. Rxd2 Qxd2 49. Qf2 Qd4 50. Ra2 h5 51. Qxd4 exd4 52. Nf2 Rb3 53. Kg1
g6 54. Nd1 e5 55. Ra3 Kh6 56. Kf2 f5 57. exf5 gxf5 58. Ke1 e4 59. fxe4 fxe4 60.
Rxb3 axb3 61. Kd2 Bd7 62. g3 a5 63. Bf1 a4 64. Bg2 Bg4 65. Ke1 e3 0-1

[Event "CREC - Eynatten2"]
[Site "?"]
[Date "2010.10.10"]
[Round "2.4"]
[White "Akhayan, Ruben"]
[Black "Kaufeld, Jürgen"]
[Result "1-0"]
[WhiteElo "2305"]
[BlackElo "2290"]
[PlyCount "85"]
[EventDate "2010.??.??"]
[Source "kuro"]
[SourceDate "2010.10.10"]

1. Nc3 c5 2. e4 a6 3. Nf3 e6 4. g3 Nc6 5. d4 cxd4 6. Nxd4 Qc7 7. Bg2 Nf6 8. O-O
Be7 9. Re1 O-O 10. Nxc6 dxc6 11. e5 Rd8 12. Qe2 Nd5 13. h4 Bd7 14. h5 h6 15. g4
Nxc3 16. bxc3 c5 17. g5 hxg5 18. Qg4 Bc6 19. Bf1 Rd5 20. f4 gxf4 21. Bxf4 Kh8
22. Re3 Rg8 23. Rh3 c4 24. Bxc4 Qb6+ 25. Kf1 Bb5 26. Bd3 Bxd3+ 27. cxd3 Qb2 28.
Rc1 Qxa2 29. Rd1 Qa4 30. Rd2 Qa1+ 31. Kg2 Qxc3 32. Kh2 Rxe5 33. d4 Qxd2+ 34.
Bxd2 Rd5 35. Rc3 Bf6 36. Be3 b5 37. Rc7 Rf8 38. h6 g6 39. Qf3 Rf5 40. Qe2 e5
41. Rc6 Kh7 42. d5 e4 43. Rxf6 1-0

[Event "Eynatten2 - CREC"]
[Site "?"]
[Date "2010.10.10"]
[Round "2.5"]
[White "Philipowski, Robert"]
[Black "Bauduin, Etienne"]
[Result "1-0"]
[WhiteElo "2257"]
[BlackElo "2274"]
[PlyCount "71"]
[EventDate "2010.??.??"]
[Source "kuro"]
[SourceDate "2010.10.10"]

1. e4 e6 2. Nf3 d5 3. Nc3 Nf6 4. e5 Nfd7 5. d4 c5 6. Ne2 Nc6 7. c3 cxd4 8. cxd4
f6 9. Nf4 Bb4+ 10. Bd2 Qe7 11. exf6 Nxf6 12. Bxb4 Qxb4+ 13. Qd2 Qd6 14. a3 O-O
15. Nd3 Bd7 16. Be2 Be8 17. O-O Nh5 18. g3 Bg6 19. Qe3 Nf6 20. Nfe5 Bxd3 21.
Bxd3 Ne7 22. Rac1 Nf5 23. Bxf5 exf5 24. Qc3 f4 25. Qc7 Qe6 26. Qxb7 Rab8 27.
Qxa7 fxg3 28. hxg3 Rxb2 29. Rc7 Ne8 30. Re7 Qf6 31. Ng4 Qf5 32. Rxg7+ Kh8 33.
Nh6 Nxg7 34. Nxf5 Nxf5 35. Rc1 Nh4 36. gxh4 1-0

[Event "CREC - Eynatten2"]
[Site "?"]
[Date "2010.10.10"]
[Round "2.6"]
[White "Godart, Francois"]
[Black "Bachkourinskij, Grigori"]
[Result "1-0"]
[WhiteElo "2240"]
[BlackElo "2188"]
[PlyCount "73"]
[EventDate "2010.??.??"]
[Source "kuro"]
[SourceDate "2010.10.10"]

1. d4 Nf6 2. c4 g6 3. Nc3 Bg7 4. e4 d6 5. f4 O-O 6. Nf3 c5 7. d5 Bg4 8. Be2
Nbd7 9. h3 Bxf3 10. Bxf3 a6 11. a4 Rb8 12. O-O Nb6 13. Qe2 Nfd7 14. Bd2 Na8 15.
Bg4 Nc7 16. e5 dxe5 17. Bxd7 Qxd7 18. fxe5 e6 19. d6 Ne8 20. Rae1 Qc6 21. Bg5
Nxd6 22. exd6 Qxd6 23. Bf4 Qd4+ 24. Kh1 Rbd8 25. Rd1 e5 26. Rxd4 cxd4 27. Nd5
exf4 28. Rxf4 Rfe8 29. Re4 Kf8 30. Kg1 Rxe4 31. Qxe4 Re8 32. Qd3 Re5 33. Qa3+
Kg8 34. Ne7+ Kh8 35. Qd6 h5 36. Qd8+ Kh7 37. Qg8+ 1-0

[Event "Eynatten2 - CREC"]
[Site "?"]
[Date "2010.10.10"]
[Round "2.7"]
[White "Maes, Valeer"]
[Black "Sclacmender, Julien"]
[Result "0-1"]
[WhiteElo "2172"]
[BlackElo "2228"]
[PlyCount "104"]
[EventDate "2010.??.??"]

1. d4 Nf6 2. Nf3 g6 3. c3 Bg7 4. Bg5 c6 5. Nbd2 d5 6. e3 O-O 7. Be2 Nbd7 8. O-O
Qe8 9. c4 e5 10. Bxf6 Bxf6 11. cxd5 cxd5 12. dxe5 Nxe5 13. Nd4 Nc6 14. N2f3 Bd7
15. Qd2 Qe7 16. Rac1 Rac8 17. Rfd1 Rfd8 18. h3 Bg7 19. Bf1 Qf6 20. g3 h5 21.
Bg2 g5 22. h4 g4 23. Nxc6 bxc6 24. Nd4 c5 25. Nb3 Ba4 26. Qa5 Bxb3 27. axb3 d4
28. exd4 Rxd4 29. Qxa7 Qd6 30. Rf1 Rd2 31. Rce1 Bd4 32. Qe7 Qxe7 33. Rxe7 Bxb2
34. Ra7 Kg7 35. Ra2 Rcd8 36. Rb1 Be5 37. Rxd2 Rxd2 38. Be4 Bd4 39. Rf1 Kf6 40.
Kg2 Ke5 41. Bc6 Rb2 42. Be8 Kf6 43. Ba4 Kg7 44. Kg1 f5 45. Kg2 Kf6 46. Kg1 f4
47. gxf4 Kf5 48. Bd7+ Kxf4 49. Be6 g3 50. Kg2 Rc2 51. Kh3 gxf2 52. Kg2 Rc3 0-1

[Event "KBSK - Fontaine"]
[Site "?"]
[Date "2010.10.10"]
[Round "2.1"]
[White "Maenhout, Thibaut"]
[Black "Cekro, Ekrem"]
[Result "0-1"]
[WhiteElo "2355"]
[BlackElo "2392"]
[PlyCount "144"]
[EventDate "2010.??.??"]
[SourceDate "2010.10.10"]

1. e4 g6 2. d4 Bg7 3. Nf3 d6 4. c3 Nf6 5. Bd3 O-O 6. O-O Bg4 7. Nbd2 c5 8. h3
Bxf3 9. Nxf3 Nc6 10. Be3 Nd7 11. Rc1 a6 12. Qe2 cxd4 13. cxd4 Qa5 14. Bc4 Rac8
15. Rfd1 Nf6 16. Bd2 Qd8 17. e5 Ne8 18. Qe4 e6 19. Bg5 d5 20. Qe3 Qd7 21. Bb3
f6 22. Bf4 f5 23. Ne1 Na5 24. Rxc8 Qxc8 25. Rc1 Nc6 26. Nd3 Rf7 27. Nb4 Rc7 28.
Nxd5 exd5 29. Bxd5+ Kh8 30. e6 Qd8 31. Bxc7 Qxd5 32. Bb6 Kg8 33. b3 Bxd4 34.
Qd2 Qd6 35. Rxc6 Bxf2+ 36. Qxf2 Qxc6 37. Qe3 Nf6 38. Bd4 Qe4 39. Qc3 Ne8 40.
Qc4 b5 41. Qc5 Qxe6 42. Qa7 Qd6 43. Kh1 h5 44. h4 Qe6 45. Kh2 Nf6 46. g3 Nd7
47. Bc3 Qe2+ 48. Kg1 Qd1+ 49. Kh2 Qc2+ 50. Kh3 Qd1 51. Kh2 Kf7 52. Qc7 Qe2+ 53.
Kg1 Qe6 54. Kh2 Qd5 55. Qd8 Qc6 56. Qh8 Nf6 57. Bxf6 Qxf6 58. Qc8 Qd6 59. Kh3
f4 60. Qb7+ Kf6 61. gxf4 Qd3+ 62. Kg2 Qe2+ 63. Kg1 Qg4+ 64. Kf1 Qxf4+ 65. Kg2
Qd2+ 66. Kf3 Qd1+ 67. Kf2 Qd4+ 68. Kg2 Qg4+ 69. Kf1 Qe6 70. Kf2 Ke5 71. a3 Kd4
72. Qf3 Qf5 0-1

[Event "Fontaine - KBSK "]
[Site "?"]
[Date "2010.10.10"]
[Round "2.2"]
[White "Wantiez, Fabrice"]
[Black "Geirnaert, Steven"]
[Result "1-0"]
[WhiteElo "2379"]
[BlackElo "2356"]
[PlyCount "49"]
[EventDate "2010.??.??"]
[SourceDate "2010.10.10"]

1. e4 d6 2. d4 Nf6 3. Nc3 g6 4. Bg5 Bg7 5. Qd2 h6 6. Bf4 g5 7. Bg3 Nh5 8. Nge2
Nc6 9. d5 Na5 10. f3 Nc4 11. Qd3 b5 12. a4 c5 13. dxc6 Nxg3 14. hxg3 Qa5 15.
Ra2 Qb4 16. b3 Ne5 17. Qxb5 Nxf3+ 18. gxf3 Bxc3+ 19. Kf2 Be1+ 20. Kg2 Qd2 21.
Qd5 Ba6 22. Qxd2 Bxd2 23. c4 Be1 24. Nd4 Rc8 25. Nc2 1-0

[Event "KBSK - Fontaine"]
[Site "?"]
[Date "2010.10.10"]
[Round "2.3"]
[White "Decoster, Frederic"]
[Black "Marechal, Andy"]
[Result "1/2-1/2"]
[WhiteElo "2302"]
[BlackElo "2307"]
[PlyCount "48"]
[EventDate "2010.10.10"]
[SourceDate "2010.10.10"]

1. e4 e6 2. d4 d5 3. Nc3 Nf6 4. Bg5 dxe4 5. Nxe4 Be7 6. Bxf6 gxf6 7. Nf3 b6 8.
g3 Bb7 9. Qe2 Qd5 10. Ned2 Nc6 11. c3 O-O-O 12. Bg2 h5 13. Qc4 f5 14. Qxd5 Rxd5
15. Nc4 Rdd8 16. O-O-O h4 17. Rhg1 hxg3 18. hxg3 Bf6 19. Nfe5 Nxe5 20. Bxb7+
Kxb7 21. Nxe5 Bxe5 22. dxe5 Kc8 23. Rxd8+ Kxd8 24. Kd2 Ke7 1/2-1/2

[Event "Fontaine - KBSK "]
[Site "?"]
[Date "2010.10.10"]
[Round "2.4"]
[White "Claesen, Pieter"]
[Black "Donovan, Linton"]
[Result "1/2-1/2"]
[WhiteElo "2367"]
[BlackElo "2300"]
[PlyCount "64"]
[EventDate "2010.??.??"]
[SourceDate "2010.10.10"]

1. c4 Nf6 2. Nc3 e5 3. Nf3 Nc6 4. d4 exd4 5. Nxd4 Bc5 6. Nxc6 bxc6 7. g3 d5 8.
Bg2 Be6 9. cxd5 cxd5 10. Qa4+ Bd7 11. Qc2 c6 12. O-O Bb4 13. e4 Bxc3 14. Qxc3
O-O 15. exd5 cxd5 16. Qd4 h6 17. Bf4 Qb6 18. Be5 Qxd4 19. Bxd4 Ne4 20. Rfd1 Be6
21. Rac1 a6 22. Rc6 Rfc8 23. Rdc1 Rxc6 24. Rxc6 Rc8 25. Rxc8+ Bxc8 26. Kf1 f6
27. Ke2 Kf7 28. Kd1 Ke7 29. Kc2 Kd6 30. Kb3 Bg4 31. Be3 Be2 32. Bxe4 dxe4
1/2-1/2

[Event "KBSK -Fontaine "]
[Site "?"]
[Date "2010.10.10"]
[Round "2.5"]
[White "Michiels, Rob"]
[Black "Le Quang, Kim"]
[Result "0-1"]
[WhiteElo "2238"]
[BlackElo "2327"]
[PlyCount "64"]
[EventDate "2010.??.??"]
[SourceDate "2010.10.10"]

1. e4 c5 2. c3 d5 3. exd5 Qxd5 4. d4 Nc6 5. dxc5 Qxd1+ 6. Kxd1 e5 7. Be3 Nf6 8.
b4 Bf5 9. Nf3 Nd5 10. Bc4 O-O-O 11. Kc1 Be7 12. Bxd5 Rxd5 13. Nbd2 f6 14. Nb3
Rhd8 15. Kb2 g5 16. b5 Nb8 17. c4 R5d7 18. Rac1 g4 19. Nfd2 Bg6 20. h3 f5 21.
g3 gxh3 22. a4 Bf6 23. Ka3 Rd3 24. Nb1 Nd7 25. Rxh3 f4 26. c6 fxe3 27. cxd7+
R8xd7 28. fxe3 Rxe3 29. Rc3 Re1 30. N1d2 e4 31. g4 Bxc3 32. Rxc3 Rd1 0-1

[Event "Fontaine - KBSK "]
[Site "?"]
[Date "2010.10.10"]
[Round "2.6"]
[White "Jadoul, Michel"]
[Black "Verlinde, Tieme"]
[Result "1-0"]
[WhiteElo "2346"]
[BlackElo "2237"]
[PlyCount "91"]
[EventDate "2010.??.??"]
[SourceDate "2010.10.10"]

1. c4 e5 2. g3 g6 3. d4 exd4 4. Qxd4 Qf6 5. Qxf6 Nxf6 6. Nc3 a6 7. Bg2 d6 8.
Nh3 Be7 9. Bh6 Nc6 10. O-O Ng4 11. Bg5 f6 12. Bd2 Be6 13. b3 O-O-O 14. Nf4 Bd7
15. Nfd5 Rde8 16. h3 Nge5 17. Ne4 f5 18. Nxe7+ Rxe7 19. Nc3 h6 20. Nd5 Re6 21.
Bc3 Rhe8 22. Rad1 Nf7 23. Nf4 Rxe2 24. Nxe2 Rxe2 25. Ra1 Nfe5 26. Rfe1 Rxe1+
27. Rxe1 b5 28. Bd5 f4 29. Bxe5 Nxe5 30. gxf4 Nd3 31. Re4 c6 32. Bf7 Bf5 33.
Be6+ Kc7 34. Bxf5 gxf5 35. Rd4 Nc5 36. Kh2 Kd7 37. Kg3 Ke7 38. Kf3 Ke6 39. Ke3
d5 40. cxd5+ cxd5 41. Rd1 Ne4 42. Rg1 h5 43. Rg6+ Nf6 44. Kd4 Kf7 45. Rxf6+
Kxf6 46. Kxd5 1-0